Market equilibrium of the agricultural product target price insurance and its moral hazard premium

Model očakávaných výnosov farmárov a poistných spoločností pri zachovaní rovnováhy trhu a dosiahnutí cieľovej ceny. Analýza dôvodov vzniku a dôsledkov morálneho hazardu. Meranie prémia morálneho hazardu a rola vlády pri jeho určovaní. Vzťah cieľovej ceny a ceny nákladov.

Enregistré dans:
Détails bibliographiques
Auteur principal: Zhao, Liang
Format: Chapitre de livre
Langue:anglais
Sujets:
Tags: Ajouter un tag
Pas de tags, Soyez le premier à ajouter un tag!

MARC

LEADER 00000naa a2200000 4500
001 0220390
005 20221019173714.2
041 0 |a eng 
044 |a CZ 
245 1 0 |a Market equilibrium of the agricultural product target price insurance and its moral hazard premium  |c Liang Zhao 
520 |a Model očakávaných výnosov farmárov a poistných spoločností pri zachovaní rovnováhy trhu a dosiahnutí cieľovej ceny. Analýza dôvodov vzniku a dôsledkov morálneho hazardu. Meranie prémia morálneho hazardu a rola vlády pri jeho určovaní. Vzťah cieľovej ceny a ceny nákladov. 
610 2 0 |a ceny predajné 
610 2 0 |a ceny regulované 
610 2 0 |a náklady a ceny 
610 2 0 |a rovnováha trhová 
610 2 0 |a poistenie poľnohospodárske 
100 1 |a Zhao, Liang